| 000 | 00661nam a2200193 a 4500 | ||
|---|---|---|---|
| 001 | 000042020 | ||
| 005 | 20201002035905.0 | ||
| 008 | 130725s1991 sp a 001 0 spa d | ||
| 020 | _a8400071565 | ||
| 040 |
_aDO-SdBNP _bspa _cBNPHU |
||
| 100 | 1 |
_aPeña, Lorenzo _d1944- _968970 |
|
| 245 | 1 | 0 |
_aRudimentos de lógica matemática / _cLorenzo Peña. |
| 260 |
_aMadrid : _bConsejo Superior de Investigaciones Científicas., _c1991. |
||
| 300 |
_a334 p. : _bil. ; _c29 cm. |
||
| 490 | 1 |
_aTextos universitarios _v7 |
|
| 500 | _aIncluye índice | ||
| 710 | 2 |
_aConsejo Superior de Investigaciones Científicas(España) _967719 |
|
| 830 | 0 |
_aTextos universitarios _v7 _91147 |
|
| 999 |
_c41509 _d41509 |
||